Estudio de prefactibilidad para la implementación de un proceso de tratamiento y utilización de residuos de pescado para la producción de ensilado biológico en base seca en la Empresa Nicanor S.A. en el año 2004

El presente trabajo de tesis contiene información relacionada con el Estudio de Prefactibilidad para la implementación de un proceso de tratamiento y utilización de residuos de pescado para la producción de ensilado biológico en base seca en la Empresa Nicanor S.A. en el año 2004. Se utilizan...

Full description

Bibliographic Details
Main Authors: Guillén Midence, Ana Karina, Rodríguez López, Tania Elizabeth, Romero Boedeker, Hilda Yolaina
Other Authors: Tutor: Machado Bello, Xiomara Argentina
Format: Tesis Section = Libro
Language:Undetermined
Spanish
Published: Managua UNI 2005
Subjects:
LEADER 01751nam a2200301Ia 4500
008 240830s9999 xx 000 0 und d
040 |a BIBLIOTECA-RUPAP Mon 660.28426 G958 
041 |a spa 
082 |a Mon 660.28426 G958 
100 1 |a Guillén Midence, Ana Karina 
100 1 |b  Rodríguez López, Tania Elizabeth 
100 1 |c  Romero Boedeker, Hilda Yolaina 
245 1 0 |a Estudio de prefactibilidad para la implementación de un proceso de tratamiento y utilización de residuos de pescado para la producción de ensilado biológico en base seca en la Empresa Nicanor S.A. en el año 2004 
260 |a Managua  |b UNI  |c 2005 
300 |a 109 p. :il. 
500 |a Contiene: anexos. 
502 |a Tesis (Ingeniero de Sistemas)- UNI, 2005. 
520 3 |a El presente trabajo de tesis contiene información relacionada con el Estudio de Prefactibilidad para la implementación de un proceso de tratamiento y utilización de residuos de pescado para la producción de ensilado biológico en base seca en la Empresa Nicanor S.A. en el año 2004. Se utilizan como herramienta, conceptos y metodologías de formulación y evaluación de proyectos, mercadotecnia, producción, evaluación de impacto ambiental, software informáticas tales como Visual Basic, Racional Racional Rose entre otros. 
650 7 |a PROCESOS DE EVAPORACIÓN Y SECADO - RESIDUOS DE PESCADO 
650 7 |b MERCADEO 
650 7 |c ESTUDIO DE MERCADEO - ENSILADO BIOLÓGICO - PESCADO 
650 7 |d ESTUDIO TÉCNICO - PROCESOS DE PRODUCCIÓN 
650 7 |e EVALUACIÓN DE IMPACTO AMBIENTAL 
650 7 |f SISTEMA DE AUTOMATIZACIÓN - NIANOR. S.A. 
700 1 |a Tutor:  |b Machado Bello, Xiomara Argentina 
942 |c BK  |2 ddc 
991 |a TESIS 
999 |c 17700